000 00722nam a2200217Ia 4500
005 20220615142047.0
008 210716s1998 xx 000 0 und d
020 _a0256241457
040 _cAIMIT LIBRARY
041 _aeng
082 _a658.4012
_210
_bTHOA
100 _aThompson, Arthur A;Strickland III, A J.
_942704
245 _aCrafting and implementing strategy:
_btext and readings.
_cBy Arthur A. Thompson and A. J. Strickland III
250 _a10
260 _aNew York :
_bMcGraw Hill ,
_c1998.
300 _axxii,635p.,I10
650 _aStrategic Management
_942705
650 _aThe Three Strategy making tasks
_942706
700 _aA. J. Strickland III
_942707
942 _2ddc
_cBK
_e10th
_k658.4012 THOA
999 _c200764
_d200764